000 00441nam a2200181Ia 4500
001 8298
005 20260306160559.0
008 260306t2008||||xx |||||||||||||| ||spa||
041 _aESP
082 _a370.1523
_bR84
100 _aRozo Sandoval, Claudia
_eAUT
245 0 _aContextos y pretextos sobre la pedagogía
260 _c2008
300 _a139 páginas :
_c24 cm.
650 _aGEN
654 _aCED
942 _cLIB
_dJUS
_fJUS
_2ddc
_n
999 _c8298
_d8298